Dispositio In Partes Orationis Rhetoricae Et Brevis Textvs Enarratio Evangeliorvm Vt Vocant, Qvae Diebvs Dominicis et Festis Sanctorum vsitate pro concione in Ecclesia Dei, explicantur Secvnda Pars Complectens Euangelia, a Dominica Trinitatis vsq; ad Dominicam I. Aduentus, et de Festis Sanctorum, quibus duo Euangelia recens ab autore adiecta, accesserunt

Bibliographic Details
Main Author: Pauli, Simon, 1534-1591 (Author)
Corporate Author: Säuberlich, Lorenz (Wittenberg, Nemecko) (Printer)
Other Authors: Säuberlich, Lorenz, zomrel 1613 (Printer)
Format: Book
Language:Latin
PhysicalDescription:[16], 845, [1] strán 15 cm
Published: VVitebergae Excvdebat Lavrentivs Sevberlich Anno M.D.XCVIII. [=1598]
Subjects:

MARC

LEADER 00000cam a2200000 a 4500
001 vtls008863205
003 SK-MaSNL
005 20260302051802.0
008 240318s1598 gw a lat
015 |a SNBHFA1598 
020 |q viazaná 
035 |a urn:nbn:sk:snk-am00ik62 
035 |a 0FEC7F94-54BA-49E4-B1C4-86E933C84EE0 
040 |a SNKHFA  |b slo  |c SNKHFA  |e AACR2 
041 0 |a lat 
044 |a gw  |c DE 
072 7 |a 808  |x Literárny štýl. Literárna činnosť a technika. Efektívne využívanie jazyka. Spisovateľská činnosť  |2 konspekt 
080 |a 808.5  |2 2011 
100 1 |a Pauli, Simon,  |d 1534-1591  |4 aut  |9 169212 
245 1 0 |a Dispositio In Partes Orationis Rhetoricae  |b Et Brevis Textvs Enarratio Evangeliorvm Vt Vocant, Qvae Diebvs Dominicis et Festis Sanctorum vsitate pro concione in Ecclesia Dei, explicantur  |c Tradita Rostochij, per Simonem Pavli, Sverinensem. Nunc denuo ab ipso Autore recognita et locupletata  |n Secvnda Pars  |p Complectens Euangelia, a Dominica Trinitatis vsq; ad Dominicam I. Aduentus, et de Festis Sanctorum, quibus duo Euangelia recens ab autore adiecta, accesserunt 
260 |a VVitebergae  |b Excvdebat Lavrentivs Sevberlich  |c Anno M.D.XCVIII. [=1598] 
300 |a [16], 845, [1] strán  |c 15 cm 
500 |a Signet vydavateľa, vineta, ozdobné iniciálky s ornamentálnym pozadím na 4, 6, 7 riadkov, drevorezy s biblickými výjavmi v texte, marginálie, kustody 
561 |a Proveniencia: Mat. Rotar. emit me d. 50 [...] Ao 1608.  |5 SNK IE 5079/2 
562 |a Rukopisné marginálie.  |5 SNK IE 5079/2 
563 |a Väzba: renesančná s ornamentálnou a figurálnou slepotlačou.  |5 SNK IE 5079/2 
650 0 7 |a rétorika  |2 SNKPH  |9 989 
700 1 |a Säuberlich, Lorenz,  |d zomrel 1613  |4 prt  |9 351800 
700 1 |a Rotar, Matthias  |4 fmo  |9 707863 
710 0 |a Säuberlich, Lorenz (Wittenberg, Nemecko),  |d 1597-1613  |4 prt  |9 561903 
752 |a Nemecko  |d Wittenberg 
852 |a Slovenská národná knižnica  |b Historické fondy 
852 |a snk  |b Historické fondy  |p IE 5079/2 
958 |a ONDV 
999 |c 1102513  |d 1104443 
952 |t Tlače 16. stor.  |a SNK  |b SNK  |c SNK_HF  |y PREZ  |7 0  |p 17A1301945  |o snkIE 5079/2  |i snkF 1444/73  |8 5  |0 0  |1 0  |4 0  |d 2019-01-03  |f 1  |l 0  |r 2026-02-24 17:35:20  |w 2026-02-24